000 00714nam a2200193Ia 4500
003 GCL
008 140319s9999 xx 000 0 ara d
040 _aGCL /
_cGCL
082 0 4 _aط
_b813.02
_bم س
100 1 _aمحمود عبدالغفار الحارث
245 1 0 _aسلسلة عصفور الجنة \ السلحفاة والبطتان - الصياد الصغير - وفاء الحصان الابيض /
_cمحمود عبدالغفار الحارث
260 _aبيروت :
_bدار الجيل
300 _aمتعدد ؛
_c24 سم
490 _aسلسلة عصفور الجنه
_v0
650 0 4 _aالاطفال
650 0 4 _aقصص الاطفال
650 0 4 _aادب الاطفال
942 _2ddc
_cBK
999 _c49395
_d49395